| 000 | 01055cab a2200193 4500 | ||
|---|---|---|---|
| 001 | L130401 | ||
| 008 | 050725n2005 000 0 eng u | ||
| 035 | _a(Sirsi) u130401 | ||
| 041 | _aeng | ||
| 100 | _aJohncox, David | ||
| 245 | _aHistory and structure of the London terraced house | ||
| 260 | _c2005 | ||
| 490 |
_aPlanning in London _v(54) July 2005, 32-35(4) |
||
| 520 | _aTraces the history of the London terraced house, a type of dwelling that has survived so long because of its inherent versatility and ability to cope with change. Examines London housing before the terraced house, its development and expansion in the Georgian and Victorian periods and its modern manifestation in the 1930s and the post-War period. Concludes with some current examples and sets out the key issues in identifying the quality of a terraced house. Illustrations and diagrams. | ||
| 590 | _aIKA020805 | ||
| 650 | _aREBUILDING ACTS 1667 | ||
| 690 | _aPROPERTY-RESIDENTIAL PROPERTY-DOMESTIC RESIDENTIAL PROPERTY-HOUSING-HOUSES-TERRACED HOUSES- | ||
| 942 | _n0 | ||
| 999 |
_c75600 _d75600 |
||